Statistiques concernant Les 23 Diables Rouges envoyés en Russie en 2018

Cliquez ici pour prendre le quiz!

Statistiques générales

  • Ce quiz a été pris 259 fois
  • Le résultat moyen est 14 sur 23

Statistiques - réponses

HintRéponse% Correct
10Eden Hazard
96%
7Kevin De Bruyne
91%
9Romelu Lukaku
90%
1Thibaut Courtois
89%
6Axel Witsel
74%
16Thorgan Hazard
73%
12Simon Mignolet
70%
15Thomas Meunier
70%
4Vincent Kompany
70%
5Jan Vertonghen
69%
14Dries Mertens
67%
2Toby Alderweireld
67%
8Marouane Fellaini
62%
11Yannick Carrasco
53%
22Nacer Chadli
50%
17Youri Tielemans
50%
21Michy Batshuayi
46%
18Adnan Januzaj
44%
3Thomas Vermaelen
44%
13Koen Casteels
37%
19Moussa Dembélé
36%
20Dedryck Boyata
23%
23Leander Dendoncker
22%

Distribution des résultats

Percentile par nombre de réponses

% des personnes avec chaque résultat

Votre développement - résultats

Vous n’avez pas pris ce quiz